|
|
|
|
| LEADER |
01819nam a2200421 i 4500 |
| 001 |
EBC6148266 |
| 003 |
MiAaPQ |
| 005 |
20200629120820.0 |
| 006 |
m o d | |
| 007 |
cr cnu|||||||| |
| 008 |
200629s2020 enka o 001 0 eng d |
| 020 |
|
|
|z 9781789739886
|
| 020 |
|
|
|a 9781789739855 (e-book)
|
| 035 |
|
|
|a (MiAaPQ)EBC6148266
|
| 035 |
|
|
|a (Au-PeEL)EBL6148266
|
| 035 |
|
|
|a (OCoLC)1148877516
|
| 040 |
|
|
|a MiAaPQ
|b eng
|e rda
|e pn
|c MiAaPQ
|d MiAaPQ
|
| 050 |
|
4 |
|a HB615
|b .M687 2020
|
| 082 |
0 |
|
|a 306.34
|2 23
|
| 100 |
1 |
|
|a Mouraviev, Nikolai,
|e author.
|
| 245 |
1 |
0 |
|a Entrepreneurship for deprived communities :
|b developing opportunities, capabilities and enterprise culture /
|c Nikolai Mouraviev and Alex Avramenko.
|
| 264 |
|
1 |
|a Bingley, England :
|b Emerald Publishing,
|c [2020]
|
| 264 |
|
4 |
|c 2020
|
| 300 |
|
|
|a 1 online resource (xiii, 203 pages) :
|b illustrations.
|
| 336 |
|
|
|a text
|b txt
|2 rdacontent
|
| 337 |
|
|
|a computer
|b c
|2 rdamedia
|
| 338 |
|
|
|a online resource
|b cr
|2 rdacarrier
|
| 490 |
1 |
|
|a Emerald points
|
| 500 |
|
|
|a Includes index.
|
| 588 |
|
|
|a Description based on print version record.
|
| 590 |
|
|
|a Electronic reproduction. Ann Arbor, MI : ProQuest, 2018. Available via World Wide Web. Access may be limited to ProQuest affiliated libraries.
|
| 650 |
|
0 |
|a Entrepreneurship
|x Social aspects.
|
| 655 |
|
4 |
|a Electronic books.
|
| 700 |
1 |
|
|a Avramenko, Alex,
|e author.
|
| 776 |
0 |
8 |
|i Print version:
|a Mouraviev, Nikolai.
|t Entrepreneurship for deprived communities : developing opportunities, capabilities and enterprise culture.
|d Bingley, England : Emerald Publishing, c2020
|h xiii, 203 pages
|k Emerald points.
|z 9781789739886
|
| 797 |
2 |
|
|a ProQuest (Firm)
|
| 830 |
|
0 |
|a Emerald points.
|
| 856 |
4 |
0 |
|u https://ebookcentral.proquest.com/lib/matrademy/detail.action?docID=6148266
|z Click to View
|